<?xml version="1.0" encoding="UTF-8"?>
<record
    xmlns:xsi="http://www.w3.org/2001/XMLSchema-instance"
    xsi:schemaLocation="http://www.loc.gov/MARC21/slim http://www.loc.gov/standards/marcxml/schema/MARC21slim.xsd"
    xmlns="http://www.loc.gov/MARC21/slim">

  <leader>00517nam a22001331i 4500</leader>
  <controlfield tag="001">1815</controlfield>
  <datafield tag="090" ind1=" " ind2=" ">
    <subfield code="a">1815</subfield>
  </datafield>
  <datafield tag="100" ind1=" " ind2=" ">
    <subfield code="a">20170304u        u  u0frey50      ba</subfield>
  </datafield>
  <datafield tag="200" ind1="1" ind2=" ">
    <subfield code="f">Gilberto Freyre</subfield>
    <subfield code="a">Brasis, Brasil, e Bras&#xED;lia</subfield>
    <subfield code="e">sugest&#xF5;es em torno de problemas brasileiros de unidade e diversidade e das rela&#xE7;&#xF5;es de alguns deles com problemas gerais depluralismo &#xE9;tnico e cultural</subfield>
  </datafield>
  <datafield tag="210" ind1=" " ind2=" ">
    <subfield code="c">Livros do Brasil</subfield>
    <subfield code="a">Lisboa</subfield>
  </datafield>
  <datafield tag="215" ind1=" " ind2=" ">
    <subfield code="a">238, [10] p.</subfield>
    <subfield code="d">22 cm</subfield>
  </datafield>
  <datafield tag="225" ind1="2" ind2=" ">
    <subfield code="a">Livros do Brasil</subfield>
    <subfield code="v">44</subfield>
  </datafield>
  <datafield tag="700" ind1=" " ind2="1">
    <subfield code="a">Freyre</subfield>
    <subfield code="b">Gilberto</subfield>
    <subfield code="f">1900 -1987</subfield>
  </datafield>
  <datafield tag="990" ind1=" " ind2=" ">
    <subfield code="c">LIVROS</subfield>
  </datafield>
  <datafield tag="995" ind1=" " ind2=" ">
    <subfield code="0">0</subfield>
    <subfield code="1">0</subfield>
    <subfield code="9">2219</subfield>
    <subfield code="b">BMVA</subfield>
    <subfield code="d">BMVA</subfield>
    <subfield code="e">DEP</subfield>
    <subfield code="f">0001992</subfield>
    <subfield code="k">FRE</subfield>
    <subfield code="o">0</subfield>
    <subfield code="r">LIVROS</subfield>
    <subfield code="u">cx. 85</subfield>
    <subfield code="s"></subfield>
  </datafield>
</record>
